<?xml version="1.0" encoding="UTF-8"?>
<record
    xmlns:xsi="http://www.w3.org/2001/XMLSchema-instance"
    xsi:schemaLocation="http://www.loc.gov/MARC21/slim http://www.loc.gov/standards/marcxml/schema/MARC21slim.xsd"
    xmlns="http://www.loc.gov/MARC21/slim">

  <leader>01807cam a2200313 a 4500</leader>
  <controlfield tag="001">16001960</controlfield>
  <controlfield tag="003">OSt</controlfield>
  <controlfield tag="005">20231108160050.0</controlfield>
  <controlfield tag="008">091201s2011    moua     b    001 0 eng  </controlfield>
  <datafield tag="010" ind1=" " ind2=" ">
    <subfield code="a">  2009942417</subfield>
  </datafield>
  <datafield tag="020" ind1=" " ind2=" ">
    <subfield code="a">9781437707199</subfield>
  </datafield>
  <datafield tag="040" ind1=" " ind2=" ">
    <subfield code="a">WIUC - GH</subfield>
    <subfield code="c">WIUC - GH</subfield>
    <subfield code="d">DLC</subfield>
  </datafield>
  <datafield tag="042" ind1=" " ind2=" ">
    <subfield code="a">pcc</subfield>
  </datafield>
  <datafield tag="050" ind1="0" ind2="0">
    <subfield code="a">RT82.C54</subfield>
  </datafield>
  <datafield tag="082" ind1="0" ind2="0">
    <subfield code="a">610.73068</subfield>
    <subfield code="2">23</subfield>
  </datafield>
  <datafield tag="100" ind1="1" ind2=" ">
    <subfield code="a">Chitty, Kay Kittrell.</subfield>
    <subfield code="9">2668</subfield>
  </datafield>
  <datafield tag="245" ind1="1" ind2="0">
    <subfield code="a">Professional nursing : concepts &amp; challenges. /</subfield>
    <subfield code="c">Kay Kittrell Chitty, Beth Perry Black.</subfield>
  </datafield>
  <datafield tag="250" ind1=" " ind2=" ">
    <subfield code="a">6th ed.</subfield>
  </datafield>
  <datafield tag="260" ind1=" " ind2=" ">
    <subfield code="a">Maryland Heights, Missouri :</subfield>
    <subfield code="b">Saunders/Elsevier,</subfield>
    <subfield code="c">2011.</subfield>
  </datafield>
  <datafield tag="300" ind1=" " ind2=" ">
    <subfield code="a">xii, 452 p. :</subfield>
    <subfield code="b">ill. (some col.) ;</subfield>
    <subfield code="c">24 cm.</subfield>
  </datafield>
  <datafield tag="504" ind1=" " ind2=" ">
    <subfield code="a">Includes bibliographical references and index.</subfield>
  </datafield>
  <datafield tag="505" ind1=" " ind2=" ">
    <subfield code="a">Contents: Nursing today -- The history and social context of nursing -- Nursing's pathway to professionalism -- Legal aspects of nursing -- Ethics: basic concepts for nursing practice -- Becoming a nurse: defining nursing and socialization into professional practice -- Education of nurses -- Critical thinking, the nursing process, and clinical judgement -- Communication and collaboration in nursing -- Illness, culture, and caring: impact on patients, families and nurses -- The science of nursing and evidence-based practice --Conceptual and philosophical bases of nursing -- Nursing theory: the basis for professional nursing -- The health care delivery system -- The Political activism of nursing: in organizations and government -- Nursing's future challenges -- </subfield>
  </datafield>
  <datafield tag="650" ind1=" " ind2="0">
    <subfield code="a">Nursing</subfield>
    <subfield code="x">Practice</subfield>
    <subfield code="v">Textbooks.</subfield>
    <subfield code="9">1273</subfield>
  </datafield>
  <datafield tag="700" ind1="1" ind2=" ">
    <subfield code="a">Black, Beth Perry.</subfield>
    <subfield code="9">2669</subfield>
  </datafield>
  <datafield tag="906" ind1=" " ind2=" ">
    <subfield code="a">7</subfield>
    <subfield code="b">cbc</subfield>
    <subfield code="c">origcop</subfield>
    <subfield code="d">2</subfield>
    <subfield code="e">epcn</subfield>
    <subfield code="f">20</subfield>
    <subfield code="g">y-gencatlg</subfield>
  </datafield>
  <datafield tag="942" ind1=" " ind2=" ">
    <subfield code="2">lcc</subfield>
    <subfield code="c">BK</subfield>
  </datafield>
  <datafield tag="999" ind1=" " ind2=" ">
    <subfield code="c">10161</subfield>
    <subfield code="d">17661</subfield>
  </datafield>
  <datafield tag="952" ind1=" " ind2=" ">
    <subfield code="0">0</subfield>
    <subfield code="1">0</subfield>
    <subfield code="2">lcc</subfield>
    <subfield code="4">0</subfield>
    <subfield code="7">0</subfield>
    <subfield code="a">WIUC-KL</subfield>
    <subfield code="b">WIUC-KL</subfield>
    <subfield code="c">NURS L.</subfield>
    <subfield code="d">2019-11-26</subfield>
    <subfield code="o">RT82.C54(6e)</subfield>
    <subfield code="p">KSN/748/748/19</subfield>
    <subfield code="r">2023-11-02 00:00:00</subfield>
    <subfield code="t">1</subfield>
    <subfield code="w">2023-11-02</subfield>
    <subfield code="y">BK</subfield>
  </datafield>
  <datafield tag="952" ind1=" " ind2=" ">
    <subfield code="0">0</subfield>
    <subfield code="1">0</subfield>
    <subfield code="2">lcc</subfield>
    <subfield code="4">0</subfield>
    <subfield code="7">0</subfield>
    <subfield code="a">WIUC-KL</subfield>
    <subfield code="b">WIUC-KL</subfield>
    <subfield code="c">NURS L.</subfield>
    <subfield code="d">2019-11-26</subfield>
    <subfield code="o">RT82.C543(6e)</subfield>
    <subfield code="p">KSN/913/913/19</subfield>
    <subfield code="r">2023-11-02 00:00:00</subfield>
    <subfield code="t">4</subfield>
    <subfield code="w">2023-11-02</subfield>
    <subfield code="y">BK</subfield>
  </datafield>
  <datafield tag="952" ind1=" " ind2=" ">
    <subfield code="0">0</subfield>
    <subfield code="1">0</subfield>
    <subfield code="2">lcc</subfield>
    <subfield code="4">0</subfield>
    <subfield code="7">0</subfield>
    <subfield code="a">WIUC-KL</subfield>
    <subfield code="b">WIUC-KL</subfield>
    <subfield code="c">NURS L.</subfield>
    <subfield code="d">2019-12-02</subfield>
    <subfield code="o">RT82.C542(6e)</subfield>
    <subfield code="p">KSN/941/941/19</subfield>
    <subfield code="r">2023-11-02 00:00:00</subfield>
    <subfield code="t">3</subfield>
    <subfield code="w">2023-11-02</subfield>
    <subfield code="y">BK</subfield>
  </datafield>
  <datafield tag="952" ind1=" " ind2=" ">
    <subfield code="0">0</subfield>
    <subfield code="1">0</subfield>
    <subfield code="2">lcc</subfield>
    <subfield code="4">0</subfield>
    <subfield code="7">0</subfield>
    <subfield code="a">WIUC-KL</subfield>
    <subfield code="b">WIUC-KL</subfield>
    <subfield code="c">NURS L.</subfield>
    <subfield code="d">2023-11-08</subfield>
    <subfield code="o">RT82.C541(6e)</subfield>
    <subfield code="p">KSN/749/749/19</subfield>
    <subfield code="r">2023-11-08 00:00:00</subfield>
    <subfield code="t">2</subfield>
    <subfield code="w">2023-11-08</subfield>
    <subfield code="y">BK</subfield>
  </datafield>
</record>
